000 00631nam a2200169Ia 4500
008 180921t2021 xxu||||| |||| 00| 0 sin d
041 _asin
080 _a8-31
_bගුට්ම
100 _aගුට්මන්, ඩැන්
245 _aඅඟර දඟර ඉස්කෝලේ 21 - විසිතුරු වසුරු ලෝකය
260 _bබුක්රැක් පබ්ලිෂර්ස්
_aරාජගිරිය
_c2021
300 _aසෙ.මි.18, පි.99
700 _aසුදත් රොහාන්
_eපරි.
942 _cBK
999 _c10476
_d10476
003 LK-CoDNM
040 _aLK-CoDNM
_dLK-CoDNM
_eLK-CoDNM